[Event "CAN-op"]
[Site "Calgary CAN"]
[Date "1996.07.14"]
[Round "3"]
[White "Zaradic, Ante"]
[Black "O'Donnell, Tom"]
[Result "0-1"]
[WhiteElo "2143"]
[BlackElo "2437"]
[PlyCount "126"]
[GameId "2160767912041807"]
[EventDate "1996.07.13"]
[EventType "swiss"]
[EventRounds "10"]
[EventCountry "CAN"]
[SourceTitle "Albertabase"]
[SourceDate "2003.08.17"]
[SourceVersion "1"]
[SourceVersionDate "2003.08.17"]
[SourceQuality "1"]

1. d4 d5 2. Nf3 e6 3. Bf4 Nf6 4. e3 c5 5. c3 Nc6 6. Bd3 Bd6 7. Bg3 O-O 8. Nbd2 Re8 9. Ne5 Bxe5 10. dxe5 Nd7 11. f4 f5 12. Bf2 c4 13. Bc2 Nc5 14. Nf3 b5 15. g4 Ne4 16. gxf5 exf5 17. Bh4 Qb6 18. Bxe4 Qxe3+ 19. Qe2 Qxe2+ 20. Kxe2 fxe4 21. Nd2 Bg4+ 22. Ke3 b4 23. Rhg1 Bf5 24. Bf6 Bg6 25. Bg5 Rab8 26. Rab1 Rb7 27. a3 bxc3 28. bxc3 Reb8 29. Rxb7 Rxb7 30. Rb1 Rxb1 31. Nxb1 Kf7 32. Nd2 Ke6 33. Nf1 Bf5 34. Bh4 Bh3 35. Ng3 Bg4 36. Nf1 h6 37. Ng3 a5 38. Nf1 a4 39. Ng3 Na7 40. h3 Bxh3 41. Ne2 Nb5 42. Nd4+ Nxd4 43. Kxd4 Bf5 44. Bd8 Bg6 45. Bh4 Bf7 46. Bd8 Kf5 47. Ke3 Kg4 48. Be7 h5 49. Bc5 g6 50. Kf2 Kxf4 51. Be3+ Kxe5 52. Kg3 Kf5 53. Kh4 Be8 54. Bh6 d4 55. cxd4 c3 56. Bg5 c2 57. Bc1 Ke6 58. Kg3 Kd5 59. Be3 Kc4 60. Kf2 h4 61. Ke2 h3 62. Kf2 Kd3 63. Bc1 h2 0-1

[Event "CAN-op"]
[Site "Calgary CAN"]
[Date "1996.07.15"]
[Round "4"]
[White "O'Donnell, Tom"]
[Black "Ferrar, John"]
[Result "1/2-1/2"]
[WhiteElo "2437"]
[BlackElo "2272"]
[PlyCount "67"]
[GameId "2160767912041815"]
[EventDate "1996.07.13"]
[EventType "swiss"]
[EventRounds "10"]
[EventCountry "CAN"]
[SourceTitle "Albertabase"]
[SourceDate "2003.08.17"]
[SourceVersion "1"]
[SourceVersionDate "2003.08.17"]
[SourceQuality "1"]

1. e4 c5 2. c3 Nf6 3. e5 Nd5 4. d4 cxd4 5. Nf3 Nc6 6. Bc4 Nb6 7. Bb3 e6 8. cxd4 d6 9. O-O dxe5 10. dxe5 Qxd1 11. Rxd1 Nd7 12. Nc3 Bb4 13. Nb5 O-O 14. Nc7 Rb8 15. Nxe6 fxe6 16. Bxe6+ Rf7 17. Bf4 Ra8 18. Ng5 Ndxe5 19. Nxf7 Nxf7 20. Bxc8 Rxc8 21. Rd7 Ncd8 22. a3 Ba5 23. Be3 Bb6 24. Bxb6 axb6 25. Rad1 Kf8 26. f4 Ke8 27. R1d2 Rc4 28. g3 b5 29. R7d5 b4 30. Re2+ Kf8 31. axb4 Rxb4 32. Kf1 g6 33. Ke1 Rb6 34. Kf2 1/2-1/2

[Event "CAN-op"]
[Site "Calgary CAN"]
[Date "1996.07.17"]
[Round "6"]
[White "Ferguson, Jim"]
[Black "O'Donnell, Tom"]
[Result "1/2-1/2"]
[WhiteElo "2253"]
[BlackElo "2437"]
[PlyCount "50"]
[GameId "2160767912041835"]
[EventDate "1996.07.13"]
[EventType "swiss"]
[EventRounds "10"]
[EventCountry "CAN"]
[SourceTitle "Albertabase"]
[SourceDate "2003.08.17"]
[SourceVersion "1"]
[SourceVersionDate "2003.08.17"]
[SourceQuality "1"]

1. e4 c5 2. Nf3 d6 3. c3 Nf6 4. h3 Nc6 5. Bd3 c4 6. Bc2 d5 7. exd5 Qxd5 8. Qe2 e5 9. b3 b5 10. bxc4 bxc4 11. Na3 Be6 12. Ba4 Bxa3 13. Bxa3 Nd7 14. O-O f6 15. Rab1 Nb6 16. Rb5 Qd7 17. Bc2 Ne7 18. Rfb1 O-O 19. Nxe5 fxe5 20. Rxe5 Ned5 21. Bxf8 Rxf8 22. Rxe6 Nf4 23. Qe4 Qxe6 24. Qxh7+ Kf7 25. Rb5 Nfd5 1/2-1/2

[Event "CAN-op"]
[Site "Calgary CAN"]
[Date "1996.07.18"]
[Round "7"]
[White "O'Donnell, Tom"]
[Black "Haessel, Dale"]
[Result "1/2-1/2"]
[WhiteElo "2437"]
[BlackElo "2196"]
[PlyCount "93"]
[GameId "2160767912041857"]
[EventDate "1996.07.13"]
[EventType "swiss"]
[EventRounds "10"]
[EventCountry "CAN"]
[SourceTitle "EXT 2022"]
[Source "ChessBase"]
[SourceDate "2021.10.06"]
[SourceVersion "1"]
[SourceVersionDate "2021.10.06"]
[SourceQuality "1"]

1. e4 c5 2. c3 Nf6 3. e5 Nd5 4. d4 cxd4 5. Nf3 d6 6. cxd4 e6 7. a3 Nc6 8. Bd3 Be7 9. O-O O-O 10. Re1 dxe5 11. dxe5 Qc7 12. Qc2 g6 13. Nc3 Nxc3 14. Qxc3 b6 15. b4 a6 16. Bg5 Bb7 17. Bxe7 Qxe7 18. Be4 Rfc8 19. Qe3 b5 20. Rac1 Rc7 21. Qh6 Qf8 22. Qxf8+ Kxf8 23. Rc5 Rac8 24. Rec1 Ke8 25. h4 h6 26. Kh2 Kd8 27. Bxc6 Rxc6 28. Rxc6 Rxc6 29. Rxc6 Bxc6 30. Nd4 Bd5 31. f4 Ke7 32. h5 Kf8 33. hxg6 fxg6 34. Kh3 Kf7 35. g4 h5 36. Kh4 hxg4 37. Kxg4 Kg8 38. Kg5 Kg7 39. Ne2 Be4 40. Ng3 Bg2 41. Kh4 Kh6 42. Ne2 Be4 43. Ng1 Bd3 44. Nf3 Bc4 45. Ng5 Bd5 46. Nf7+ Kg7 47. Nd6 1/2-1/2

[Event "CAN-op"]
[Site "Calgary CAN"]
[Date "1996.07.21"]
[Round "10"]
[White "O'Donnell, Tom"]
[Black "Gardner, Robert"]
[Result "1/2-1/2"]
[WhiteElo "2437"]
[BlackElo "2303"]
[PlyCount "122"]
[GameId "2160767912050091"]
[EventDate "1996.07.13"]
[EventType "swiss"]
[EventRounds "10"]
[EventCountry "CAN"]
[SourceTitle "Albertabase"]
[SourceDate "2003.08.17"]
[SourceVersion "1"]
[SourceVersionDate "2003.08.17"]
[SourceQuality "1"]

1. c4 e5 2. Nc3 Nc6 3. g3 g6 4. Bg2 Bg7 5. Rb1 a5 6. d3 Nge7 7. Nf3 O-O 8. O-O d6 9. a3 f5 10. Bd2 h6 11. b4 axb4 12. axb4 Qe8 13. Qb3 Be6 14. Nd5 Rc8 15. b5 Nd8 16. b6 c6 17. Nc7 Qd7 18. Bb4 Bf7 19. Qa3 c5 20. Bc3 Ndc6 21. Nd2 g5 22. Qb2 Bh5 23. Rbd1 f4 24. Nb5 Nd4 25. Bxd4 exd4 26. Bxb7 Rb8 27. Bg2 Rxb6 28. Qa3 Nc6 29. Ne4 Be5 30. Nxc5 dxc5 31. Qxc5 Bc7 32. Bd5+ Bf7 33. Nxc7 Qxc7 34. Rb1 Rxb1 35. Rxb1 fxg3 36. fxg3 Rc8 37. Rb6 Ne7 38. Bxf7+ Kxf7 39. Qxd4 Ng8 40. Qd5+ Kf8 41. Rb7 Qc5+ 42. Qxc5+ Rxc5 43. Kf2 Rf5+ 44. Kg2 Nf6 45. Rb5 Rxb5 46. cxb5 Ke7 47. Kf3 Kd6 48. e4 Kc5 49. e5 Ne8 50. Ke4 Nc7 51. Kf5 Nxb5 52. Kg6 Nd4 53. Kxh6 Nf3 54. d4+ Kd5 55. h3 g4 56. hxg4 Nxd4 57. g5 Nf5+ 58. Kh7 Nxg3 59. g6 Nf5 60. g7 Nxg7 61. Kxg7 Kxe5 1/2-1/2

[Event "Quebec-ch"]
[Site "Montreal CAN"]
[Date "1996.06.03"]
[Round "1"]
[White "Filion, Charles"]
[Black "O'Donnell, Tom"]
[Result "0-1"]
[WhiteElo "2097"]
[BlackElo "2365"]
[PlyCount "80"]
[GameId "2160767912050159"]
[EventDate "1996.06.03"]
[EventType "tourn"]
[EventRounds "9"]
[EventCountry "CAN"]
[EventCategory "3"]

1. e4 c5 2. Nf3 d6 3. d4 cxd4 4. Nxd4 Nf6 5. Nc3 Nc6 6. Bc4 Qb6 7. Nb3 e6 8. Bf4 Ne5 9. Be2 Be7 10. Be3 Qc7 11. f4 Nc4 12. Nb5 Qc6 13. Bxc4 Qxc4 14. Qd3 Qc6 15. N3d4 Qd7 16. O-O-O a6 17. Nc3 O-O 18. e5 dxe5 19. fxe5 Ng4 20. Qe4 Nxe3 21. Qxe3 Qc7 22. Qg3 b5 23. Ne4 Bb7 24. Nd6 Rad8 25. Nf3 Bd5 26. Rxd5 exd5 27. Nf5 g6 28. Ng5 Rc8 29. c3 Qd7 30. Nd4 b4 31. Nxf7 bxc3 32. Nh6+ Kg7 33. e6 cxb2+ 34. Kb1 Rc1+ 35. Kxb2 Qb7+ 36. Kxc1 Rc8+ 37. Nc2 Kxh6 38. h4 Qc6 39. Qe3+ Kg7 40. Qe2 Qc3 0-1

[Event "Quebec-ch"]
[Site "Montreal CAN"]
[Date "1996.06.06"]
[Round "4"]
[White "O'Donnell, Tom"]
[Black "Moussa, Alaa Eddine"]
[Result "1-0"]
[WhiteElo "2365"]
[BlackElo "2205"]
[PlyCount "89"]
[GameId "2160767912050177"]
[EventDate "1996.06.03"]
[EventType "tourn"]
[EventRounds "9"]
[EventCountry "CAN"]
[EventCategory "3"]

1. e4 c6 2. d4 d5 3. Nd2 dxe4 4. Nxe4 Nd7 5. Bd3 Ngf6 6. Ng5 h6 7. Ne6 Qb6 8. Nxf8 Nxf8 9. Ne2 Ne6 10. c3 c5 11. O-O cxd4 12. Nxd4 Nxd4 13. Be3 O-O 14. Bxd4 Qc7 15. Bxf6 exf6 16. Qc2 Be6 17. Rfd1 a6 18. c4 Rac8 19. b3 Qc5 20. Bh7+ Kh8 21. Be4 Rc7 22. Qb2 Re7 23. Bd5 Rfe8 24. b4 Qc7 25. h3 b5 26. Bxe6 Rxe6 27. c5 Qf4 28. Qd2 Qe4 29. Rac1 f5 30. Qd4 Qc6 31. Rd2 Qc7 32. g3 f4 33. Qxf4 Re1+ 34. Rxe1 Rxe1+ 35. Kh2 Qxf4 36. gxf4 Rc1 37. Rd8+ Kh7 38. Ra8 Rc4 39. a3 Rxf4 40. Rxa6 Rxf2+ 41. Kg3 Rc2 42. Ra5 Rc3+ 43. Kg2 g5 44. Rxb5 Rxa3 45. c6 1-0

[Event "Quebec-ch"]
[Site "Montreal CAN"]
[Date "1996.06.07"]
[Round "5"]
[White "Ross, Dave"]
[Black "O'Donnell, Tom"]
[Result "1/2-1/2"]
[WhiteElo "2355"]
[BlackElo "2365"]
[PlyCount "51"]
[GameId "2160767912050183"]
[EventDate "1996.06.03"]
[EventType "tourn"]
[EventRounds "9"]
[EventCountry "CAN"]
[EventCategory "3"]

1. d4 Nf6 2. c4 e6 3. Nf3 b6 4. g3 Bb7 5. Bg2 Be7 6. O-O O-O 7. Nc3 Ne4 8. Nxe4 Bxe4 9. Nh4 Bxg2 10. Nxg2 d5 11. Qa4 dxc4 12. Qxc4 c5 13. Be3 cxd4 14. Bxd4 Qc8 15. Rac1 Na6 16. Rfd1 Rd8 17. Qb5 Qb7 18. Nf4 Nc5 19. Bxc5 Bxc5 20. Rxd8+ Rxd8 21. Nd3 Bd6 22. Rc6 h6 23. a4 Qd7 24. Qc4 Bc5 25. Qe4 Rc8 26. Rxc8+ 1/2-1/2

[Event "Quebec-ch"]
[Site "Montreal CAN"]
[Date "1996.06.10"]
[Round "7"]
[White "Linskiy, Oleg"]
[Black "O'Donnell, Tom"]
[Result "1/2-1/2"]
[WhiteElo "2315"]
[BlackElo "2365"]
[PlyCount "103"]
[GameId "2160767912050192"]
[EventDate "1996.06.03"]
[EventType "tourn"]
[EventRounds "9"]
[EventCountry "CAN"]
[EventCategory "3"]

1. e4 c5 2. b3 d6 3. g3 Nf6 4. Bg2 g6 5. Bb2 Bg7 6. Ne2 Nc6 7. O-O O-O 8. d4 cxd4 9. Nxd4 Bd7 10. Ne2 b5 11. Nbc3 b4 12. Nd5 Nxd5 13. exd5 Bxb2 14. Rb1 Nd4 15. Rxb2 Nxe2+ 16. Qxe2 Re8 17. Qd2 Qb6 18. c3 bxc3 19. Qxc3 Rac8 20. Qd2 a5 21. h3 Rc7 22. Re1 Qc5 23. Kh2 Qc3 24. Bf1 Qxd2 25. Rxd2 Kf8 26. Re4 Rb8 27. Rc4 Rxc4 28. Bxc4 Rb6 29. h4 e5 30. dxe6 Bxe6 31. Bxe6 fxe6 32. Rc2 Ke7 33. Rc7+ Kf6 34. Kg2 h5 35. Kf3 d5 36. Ra7 Rb5 37. Ke3 Rc5 38. Kd3 e5 39. a4 Kf5 40. Rf7+ Kg4 41. Rf6 Rc1 42. Rxg6+ Kf3 43. Rf6+ Kg2 44. Rf5 e4+ 45. Kd2 Rb1 46. Rxd5 Kxf2 47. Rf5+ Kxg3 48. Ke3 Rxb3+ 49. Kxe4 Rb4+ 50. Ke3 Rxa4 51. Rxh5 Rxh4 52. Rxa5 1/2-1/2

[Event "Interclubs"]
[Site "Montreal CAN"]
[Date "1996.02.13"]
[Round "1"]
[White "O'Donnell, Tom"]
[Black "Berube, Richard"]
[Result "1/2-1/2"]
[WhiteElo "2377"]
[BlackElo "2323"]
[PlyCount "78"]
[GameId "2160767912058649"]
[EventDate "1996.03.01"]
[EventRounds "5"]
[EventCountry "CAN"]
[SourceTitle "hb 2012"]

1. c4 Nf6 2. Nc3 g6 3. g3 Bg7 4. Bg2 O-O 5. e4 d6 6. Nge2 c5 7. O-O Nc6 8. h3 Ne8 9. d3 Nc7 10. Be3 Ne6 11. f4 Ned4 12. a3 Bd7 13. Rb1 a5 14. Kh2 e6 15. Nb5 Nxb5 16. cxb5 Nd4 17. a4 Rc8 18. Nxd4 cxd4 19. Bd2 b6 20. b4 axb4 21. Bxb4 Qc7 22. Rc1 Qb8 23. Qb3 Rfe8 24. Qa3 Bf8 25. Kg1 e5 26. f5 Rxc1 27. Qxc1 Rc8 28. Qa3 Qc7 29. g4 Qd8 30. Rc1 Qg5 31. Rxc8 Bxc8 32. Bxd6 Qe3+ 33. Kh2 Qf4+ 34. Kh1 Bxd6 35. Qxd6 Qc1+ 36. Kh2 Qf4+ 37. Kh1 Qc1+ 38. Kh2 Qf4+ 39. Kh1 Qc1+ 1/2-1/2

[Event "Interclubs"]
[Site "Montreal CAN"]
[Date "1996.03.21"]
[Round "3"]
[White "O'Donnell, Tom"]
[Black "Linskiy, Oleg"]
[Result "1/2-1/2"]
[WhiteElo "2379"]
[BlackElo "2402"]
[PlyCount "46"]
[GameId "2160767912058666"]
[EventDate "1996.03.01"]
[EventRounds "5"]
[EventCountry "CAN"]
[SourceTitle "EXT 2022"]
[Source "ChessBase"]
[SourceDate "2021.10.06"]
[SourceVersion "1"]
[SourceVersionDate "2021.10.06"]
[SourceQuality "1"]

1. c4 e5 2. Nc3 Bb4 3. g3 Ne7 4. Bg2 d6 5. Qa4+ Nbc6 6. Nd5 Bc5 7. Nxe7 Kxe7 8. Nf3 Re8 9. Qc2 h6 10. O-O Kf8 11. e3 Qf6 12. d3 Nb4 13. Qe2 Nxd3 14. Qxd3 e4 15. Qd5 c6 16. Qh5 exf3 17. Qxf3 Bf5 18. Bd2 a5 19. Bc3 Qe6 20. Qe2 Bg4 21. Qd3 Bf5 22. Qe2 Bg4 23. Qd3 Bf5 1/2-1/2

[Event "RA Winter op"]
[Site "Ottawa CAN"]
[Date "1996.01.13"]
[Round "2"]
[White "O'Donnell, Tom"]
[Black "Pacey, Kevin"]
[Result "1/2-1/2"]
[WhiteElo "2425"]
[BlackElo "2260"]
[PlyCount "44"]
[GameId "2160767912067059"]
[EventDate "1996.01.12"]
[EventType "swiss"]
[EventRounds "5"]
[EventCountry "CAN"]

1. e4 Nc6 2. Nf3 e6 3. d4 d5 4. Nbd2 Nf6 5. e5 Nd7 6. Be2 f6 7. exf6 Qxf6 8. Nf1 Bd6 9. Ne3 O-O 10. O-O b6 11. c4 Ne7 12. Bd3 h6 13. Ng4 Qf7 14. Nfe5 Bxe5 15. Nxe5 Nxe5 16. dxe5 Bb7 17. Qc2 c5 18. Bd2 Rad8 19. Rad1 dxc4 20. Bxc4 Bxg2 21. Kxg2 Qf3+ 22. Kg1 Qg4+ 1/2-1/2

[Event "Paul Keres active"]
[Site "Toronto CAN"]
[Date "1995.10.22"]
[Round "?"]
[White "Teodoro, Eduardo"]
[Black "O'Donnell, Tom"]
[Result "0-1"]
[WhiteElo "2396"]
[BlackElo "2478"]
[PlyCount "82"]
[GameId "2160767912063689"]
[EventDate "1995.10.22"]
[EventType "swiss (rapid)"]
[EventRounds "6"]
[EventCountry "CAN"]
[SourceTitle "CFC 1996.02"]

1. e4 c5 2. Nf3 d6 3. d4 cxd4 4. Nxd4 Nf6 5. Nc3 Nc6 6. Be3 Ng4 7. Nxc6 bxc6 8. Qd2 Nxe3 9. Qxe3 Qb6 10. Qxb6 axb6 11. Be2 g6 12. Nd1 Bg7 13. c3 O-O 14. O-O f5 15. exf5 Bxf5 16. Ne3 Be6 17. Bf3 Rfc8 18. Nc2 Bf7 19. a3 e5 20. g3 d5 21. Bg2 Rc7 22. Rad1 Rd8 23. Nb4 b5 24. Rfe1 Rd6 25. Na6 Re7 26. Nc5 Rd8 27. Bh3 g5 28. Na6 Bf6 29. Nc5 h6 30. Bf5 Kg7 31. Re2 Bh5 32. g4 Bf7 33. Kg2 Ra7 34. Ne6+ Bxe6 35. Bxe6 Rd6 36. Bf5 c5 37. b4 c4 38. Ra2 Kf7 39. Be4 Ke6 40. Bf5+ Ke7 41. Be4 dxe4 0-1

[Event "CAN-ch"]
[Site "Ottawa CAN"]
[Date "1995.08.14"]
[Round "3"]
[White "O'Donnell, Tom"]
[Black "Kiviaho, Robert"]
[Result "1-0"]
[WhiteElo "2360"]
[BlackElo "2230"]
[PlyCount "75"]
[GameId "2160767912063800"]
[EventDate "1995.08.12"]
[EventType "tourn"]
[EventRounds "9"]
[EventCountry "CAN"]

1. e4 e5 2. Nf3 Nc6 3. Bb5 a6 4. Bxc6 dxc6 5. O-O Qd6 6. Na3 b5 7. b3 Ne7 8. Bb2 Ng6 9. d4 Bg4 10. dxe5 Qe7 11. Qd3 Qc5 12. Rad1 Be7 13. Nb1 Nf4 14. Qd2 Bxf3 15. Qd7+ Kf8 16. gxf3 Ne6 17. Qd2 g5 18. Qc3 Rg8 19. Qxc5 Bxc5 20. Kh1 g4 21. fxg4 Rxg4 22. f3 Rh4 23. c3 a5 24. Bc1 Nf4 25. Bxf4 Rxf4 26. Rd7 Rc8 27. Kg2 Rh4 28. f4 Rh6 29. Rf3 Ke8 30. Rdd3 Ke7 31. Nd2 Ke6 32. Nf1 Be7 33. Ne3 Bh4 34. Nf5 Rg8+ 35. Rg3 Bxg3 36. Nxh6 Rg6 37. f5+ Kxe5 38. fxg6 1-0

[Event "CAN-ch"]
[Site "Ottawa CAN"]
[Date "1995.08.17"]
[Round "6"]
[White "Stone, Raymond"]
[Black "O'Donnell, Tom"]
[Result "1/2-1/2"]
[WhiteElo "2340"]
[BlackElo "2360"]
[PlyCount "67"]
[GameId "2160767912063816"]
[EventDate "1995.08.12"]
[EventType "tourn"]
[EventRounds "9"]
[EventCountry "CAN"]

1. c4 e5 2. Nc3 Nf6 3. Nf3 e4 4. Ng5 b5 5. Ngxe4 Nxe4 6. Nxe4 bxc4 7. d4 cxd3 8. e3 Bb7 9. Bxd3 Bb4+ 10. Bd2 Qe7 11. Bxb4 Qxb4+ 12. Qd2 Qe7 13. f3 Nc6 14. O-O Ne5 15. Bc2 O-O 16. Qc3 d6 17. Ng3 g6 18. e4 Rac8 19. f4 Nd7 20. Rae1 Qf6 21. e5 dxe5 22. fxe5 Qb6+ 23. Kh1 Rce8 24. Ba4 Re7 25. Bxd7 Rxd7 26. e6 Re7 27. Rxf7 Rfxf7 28. exf7+ Kxf7 29. Rxe7+ Kxe7 30. Qe5+ Kd7 31. Qg7+ Kd6 32. Qf6+ Kd7 33. Qg7+ Kd6 34. Qf6+ 1/2-1/2

[Event "CAN-ch"]
[Site "Ottawa CAN"]
[Date "1995.08.18"]
[Round "7"]
[White "O'Donnell, Tom"]
[Black "Johnstone, Glenn"]
[Result "1/2-1/2"]
[WhiteElo "2360"]
[BlackElo "2295"]
[PlyCount "37"]
[GameId "2160767912063820"]
[EventDate "1995.08.12"]
[EventType "tourn"]
[EventRounds "9"]
[EventCountry "CAN"]

1. Nf3 c5 2. c4 Nf6 3. g3 b6 4. Bg2 Bb7 5. Nc3 g6 6. b3 Bg7 7. Bb2 O-O 8. O-O d6 9. d4 cxd4 10. Nxd4 Bxg2 11. Kxg2 Qc8 12. e4 Qb7 13. f3 Nbd7 14. Qd2 Nc5 15. Rfe1 Rfd8 16. Nd5 Rac8 17. Rad1 Ne8 18. Qe2 a6 19. Rd2 1/2-1/2

[Event "Quebec-ch"]
[Site "Montreal CAN"]
[Date "1995.??.??"]
[Round "2"]
[White "Linskiy, Oleg"]
[Black "O'Donnell, Tom"]
[Result "1/2-1/2"]
[WhiteElo "2375"]
[BlackElo "2365"]
[PlyCount "49"]
[GameId "2160767912064461"]
[EventDate "1995.06.25"]
[EventType "tourn"]
[EventRounds "9"]
[EventCountry "CAN"]
[SourceTitle "EXT 2002"]
[Source "ChessBase"]
[SourceDate "2001.11.25"]
[SourceVersion "1"]
[SourceVersionDate "2001.11.25"]
[SourceQuality "1"]

1. Nf3 d5 2. d4 c6 3. c4 e6 4. Nc3 Nf6 5. e3 Nbd7 6. Bd3 dxc4 7. Bxc4 b5 8. Bd3 a6 9. e4 c5 10. e5 cxd4 11. Nxb5 Nxe5 12. Nxe5 axb5 13. Bxb5+ Bd7 14. Bxd7+ Nxd7 15. Nxd7 Bb4+ 16. Bd2 Bxd2+ 17. Qxd2 Qxd7 18. Qb4 f6 19. O-O Kf7 20. Rfd1 e5 21. Qc4+ Qe6 22. Qc7+ Qe7 23. Qc4+ Qe6 24. Qc7+ Qe7 25. Qc4+ 1/2-1/2

[Event "Quebec-ch"]
[Site "Montreal CAN"]
[Date "1995.??.??"]
[Round "3"]
[White "O'Donnell, Tom"]
[Black "Ross, Dave"]
[Result "1/2-1/2"]
[WhiteElo "2365"]
[BlackElo "2345"]
[PlyCount "51"]
[GameId "2160767912064467"]
[EventDate "1995.06.25"]
[EventType "tourn"]
[EventRounds "9"]
[EventCountry "CAN"]
[SourceTitle "EXT 2002"]
[Source "ChessBase"]
[SourceDate "2001.11.25"]
[SourceVersion "1"]
[SourceVersionDate "2001.11.25"]
[SourceQuality "1"]

1. d4 e6 2. Nf3 c5 3. e3 Nf6 4. c4 d5 5. Nc3 dxc4 6. Bxc4 a6 7. O-O Nc6 8. a3 b5 9. Ba2 Bb7 10. d5 exd5 11. Nxd5 Nxd5 12. Bxd5 Bd6 13. e4 O-O 14. e5 Be7 15. Bf4 Ra7 16. Rc1 Nd4 17. Bxb7 Rxb7 18. Nxd4 Rd7 19. Qf3 Rxd4 20. Be3 Rd5 21. Rfd1 Rxd1+ 22. Rxd1 Qc8 23. g3 c4 24. Qe4 Rd8 25. Rxd8+ Bxd8 26. Qd5 1/2-1/2

[Event "Quebec-ch"]
[Site "Montreal CAN"]
[Date "1995.06.26"]
[Round "4"]
[White "Levtchouk, George"]
[Black "O'Donnell, Tom"]
[Result "1/2-1/2"]
[WhiteElo "2308"]
[BlackElo "2382"]
[PlyCount "25"]
[GameId "2160767912064475"]
[EventDate "1995.06.25"]
[EventType "tourn"]
[EventRounds "9"]
[EventCountry "CAN"]

1. d4 d5 2. c4 e6 3. Nc3 c6 4. cxd5 exd5 5. Bf4 Bd6 6. Bxd6 Qxd6 7. e3 Bf5 8. Nge2 Ne7 9. Ng3 Bg6 10. Bd3 Bxd3 11. Qxd3 O-O 12. O-O a5 13. Rab1 1/2-1/2

[Event "Quebec-ch"]
[Site "Montreal CAN"]
[Date "1995.06.27"]
[Round "5"]
[White "O'Donnell, Tom"]
[Black "Leveille, Francois"]
[Result "1-0"]
[WhiteElo "2382"]
[BlackElo "2339"]
[PlyCount "137"]
[GameId "2160767912064480"]
[EventDate "1995.06.25"]
[EventType "tourn"]
[EventRounds "9"]
[EventCountry "CAN"]

1. c4 c5 2. Nf3 Nf6 3. g3 b6 4. Bg2 Bb7 5. O-O g6 6. b3 Bg7 7. Bb2 O-O 8. Nc3 d6 9. d4 cxd4 10. Nxd4 Bxg2 11. Kxg2 Nbd7 12. e4 Rc8 13. Re1 a6 14. Qe2 e6 15. Rad1 Qc7 16. f3 Qb8 17. Rc1 Rfe8 18. Qf2 Qb7 19. Rcd1 Ne5 20. h3 Nfd7 21. f4 Nc6 22. Nf3 Bf8 23. Qe2 Ncb8 24. Kh2 Red8 25. Rd2 Nc5 26. Red1 Nc6 27. h4 Rb8 28. e5 dxe5 29. Nxe5 Rxd2 30. Rxd2 Nxe5 31. Qxe5 Bg7 32. Qe3 Rc8 33. Ba3 Qc6 34. Bxc5 Qxc5 35. Qxc5 Rxc5 36. Rd8+ Bf8 37. Ne4 Ra5 38. a4 b5 39. Nc5 bxc4 40. b4 Rxc5 41. bxc5 c3 42. Rd3 Bxc5 43. Rxc3 Bb4 44. Rc7 h5 45. Kg2 Kg7 46. Kf1 a5 47. Ke2 Kf6 48. Rb7 Bc3 49. Rb3 Bd4 50. Rb5 Bc3 51. Rc5 Bb4 52. Rc7 Kg7 53. Rc4 Be7 54. Rc3 Kf6 55. Rb3 Bd6 56. Rb5 Bc7 57. Kd3 Ke7 58. Rb7 Kd7 59. Ra7 Kc8 60. Ra8+ Kd7 61. Ra7 Kc8 62. Ra8+ Kd7 63. Kd4 Kd6 64. Ra6+ Kd7 65. Kc5 e5 66. Rf6 Ke7 67. Rc6 Bb8 68. Rb6 Ba7 69. fxe5 1-0

[Event "Quebec-ch"]
[Site "Montreal CAN"]
[Date "1995.06.29"]
[Round "7"]
[White "Gravel, Simon M"]
[Black "O'Donnell, Tom"]
[Result "1/2-1/2"]
[WhiteElo "2276"]
[BlackElo "2382"]
[PlyCount "143"]
[GameId "2160767912064488"]
[EventDate "1995.06.25"]
[EventType "tourn"]
[EventRounds "9"]
[EventCountry "CAN"]

1. e4 c5 2. Nf3 d6 3. d4 cxd4 4. Nxd4 Nf6 5. Nc3 Nc6 6. Bg5 e6 7. Qd2 a6 8. O-O-O h6 9. Bf4 Bd7 10. Nb3 b5 11. f3 Ne5 12. Qf2 Qc7 13. Kb1 Be7 14. g4 O-O 15. h4 Rfc8 16. g5 b4 17. Bxe5 dxe5 18. gxf6 Bxf6 19. Nd5 exd5 20. exd5 Qd6 21. Bd3 Bb5 22. Bf5 Rd8 23. Nd2 Qxd5 24. Be4 Qe6 25. Bxa8 Rxa8 26. Ne4 Be7 27. Rhg1 Kh7 28. f4 f5 29. Nc5 Qb6 30. Qg2 Rg8 31. Nd7 Bxd7 32. Rxd7 Qe6 33. Qd5 Qxd5 34. Rxd5 exf4 35. Rxf5 Bxh4 36. Rxf4 g5 37. Rxb4 Bf2 38. Rg2 Be3 39. Re4 Bf4 40. c4 h5 41. Kc2 Bb8 42. Kd3 h4 43. Rg1 h3 44. Ke2 Kh6 45. Re3 h2 46. Rh1 Rf8 47. Rf3 Re8+ 48. Re3 Rf8 49. Rh3+ Kg6 50. R3xh2 Bxh2 51. Rxh2 g4 52. Rf2 Re8+ 53. Kf1 Kg5 54. Kg2 Re1 55. Rc2 Kf6 56. Kg3 Rg1+ 57. Kf2 Ra1 58. b3 Ke6 59. Rd2 a5 60. Kg3 Rb1 61. Kxg4 a4 62. bxa4 Rc1 63. Re2+ Kd6 64. Re4 Rc2 65. Kf5 Rxa2 66. Kf6 Rf2+ 67. Kg7 Kc6 68. a5 Ra2 69. Re5 Ra4 70. Re6+ Kb7 71. Re7+ Kb8 72. Kh8 1/2-1/2

[Event "Quebec-ch"]
[Site "Montreal CAN"]
[Date "1995.07.02"]
[Round "9"]
[White "Latendresse, Simon"]
[Black "O'Donnell, Tom"]
[Result "1/2-1/2"]
[WhiteElo "2036"]
[BlackElo "2382"]
[PlyCount "97"]
[GameId "2160767912064498"]
[EventDate "1995.06.25"]
[EventType "tourn"]
[EventRounds "9"]
[EventCountry "CAN"]
[SourceTitle "hb 2011"]

1. Nf3 d5 2. g3 Nf6 3. Bg2 c6 4. d3 Bg4 5. Nbd2 e6 6. e4 Be7 7. O-O O-O 8. c3 Na6 9. Qc2 Qc7 10. Re1 Rfd8 11. exd5 cxd5 12. Ne5 Bf5 13. Ndf3 Nd7 14. g4 Nxe5 15. gxf5 Nxf3+ 16. Bxf3 exf5 17. d4 g6 18. Qb3 Bd6 19. h4 Qd7 20. Bg5 Re8 21. Qxd5 Nc7 22. Qxb7 Rab8 23. Qc6 Qxc6 24. Bxc6 Rxe1+ 25. Rxe1 Rxb2 26. a4 Rc2 27. Rc1 Rxc1+ 28. Bxc1 f6 29. c4 Kf7 30. c5 Be7 31. Be3 Ke6 32. Kf1 g5 33. Kg2 h6 34. Bb7 f4 35. Bd2 f5 36. Kf3 Nd5 37. hxg5 hxg5 38. Bc8+ Kf6 39. Bb7 Ke6 40. Bc8+ Kf6 41. Ke2 g4 42. Bb7 f3+ 43. Kd3 Nc7 44. Bf4 Ne6 45. Bb8 Nxc5+ 46. dxc5 Bxc5 47. Bf4 Bxf2 48. Bc6 Be1 49. Ke3 1/2-1/2

[Event "Paul Keres A"]
[Site "Montreal CAN"]
[Date "1995.01.10"]
[Round "1"]
[White "O'Donnell, Tom"]
[Black "Tremblay, Alain"]
[Result "1-0"]
[WhiteElo "2371"]
[BlackElo "1906"]
[PlyCount "33"]
[GameId "2160767912064865"]
[EventDate "1995.01.03"]
[EventType "tourn"]
[EventRounds "7"]
[EventCountry "CAN"]
[SourceTitle "FQE 06"]

1. e4 e5 2. Nf3 Nc6 3. Bb5 a6 4. Bxc6 dxc6 5. O-O Qd6 6. Na3 Be6 7. b3 Ne7 8. Bb2 Ng6 9. d4 exd4 10. Nxd4 Be7 11. Nf5 Bxf5 12. exf5 Nh4 13. Qg4 h5 14. Qh3 Qd7 15. Rae1 O-O 16. Bxg7 Bxa3 17. Qxh4 1-0

[Event "Paul Keres A"]
[Site "Montreal CAN"]
[Date "1995.03.08"]
[Round "2"]
[White "O'Donnell, Tom"]
[Black "Gladu, Pierre"]
[Result "1/2-1/2"]
[WhiteElo "2371"]
[BlackElo "2116"]
[PlyCount "62"]
[GameId "2160767912064867"]
[EventDate "1995.01.03"]
[EventType "tourn"]
[EventRounds "7"]
[EventCountry "CAN"]
[SourceTitle "Echec+ 1995.07"]

1. e4 e6 2. d4 d5 3. Nd2 c5 4. exd5 Qxd5 5. Ngf3 cxd4 6. Bc4 Qd6 7. O-O Nf6 8. Nb3 Nc6 9. Nbxd4 Nxd4 10. Nxd4 a6 11. b3 Qc7 12. Bb2 Bd6 13. Nf3 O-O 14. Qe2 b5 15. Bd3 Bb7 16. Ne5 Nd5 17. Rfe1 Nf4 18. Qg4 Nxd3 19. cxd3 f5 20. Qe2 Bd5 21. Rac1 Qb7 22. f3 Rac8 23. Qe3 Rxc1 24. Rxc1 Rc8 25. Kf1 Rxc1+ 26. Qxc1 Qc7 27. Qxc7 Bxc7 28. Ke2 g6 29. h3 Kf8 30. Nd7+ Kf7 31. Nf6 h5 1/2-1/2